000 00947nam a2200265Ia 4500
003 OSt
005 20221005110946.0
006 a|||||r|||| 00| 0
007 ta
008 221004b |||||||| |||| 00| 0 hin d
024 _a32097
037 _cTextual
040 _aCRL
_cCRL
_bhin
041 _2hin
_ahin
082 _aO152,3xN3, M6
100 _aवर्मा, धनंजय, संपा.
245 0 _aहिन्दी की प्रगतिशील कहानियॉं
246 _aHindī kī pragatishīl kahāniyaॉan
260 _aनई दिल्ली
_bराधाकृष्ण प्रकाशन भारत
_c1986
300 _a314पृ.
_ccm.
650 _a हिन्दी साहित्य
650 _aहिन्दी कहानी
942 _hO152,3xN3, M6
_cTEXL
_2cc
999 _c1020380
_d1020380